| 000 | 01771 a2200169 4500 | ||
|---|---|---|---|
| 020 | _a082135468X (paperback) | ||
| 020 | _a9780821354681 (paperback) | ||
| 082 | 0 | 4 | _a338 |
| 245 | 1 | 0 |
_aWorld development report 2004 : _bmaking services work for poor people / |
| 250 | _aillustrated edition ed. | ||
| 260 |
_a[S.l.] : _bA World Bank Publication, _c2003. |
||
| 300 |
_a288 p. ; _c28 cm. |
||
| 520 | _aThe World Development Report 2004 investigates how countries can accelerate progress towards the Millennium Development Goals (MDGs) by making services work for poor people. Success in reaching the MDGs will depend not just on faster economic growth and the flow of sources, but on our ability to translate those resources into basic services, especially in health, education, water, and sanitation. Too often, the delivery of services falls far short of what could be achieved, due to issues such as weak incentives for performance, corruption, imperfect monitoring, and administrative logjams. Some countries have addressed the problem by involving poor people in service delivery; the results have been impressive. Giving parents input into their children's education, patients a say over hospital management, and making agency budgets transparent all contribute to improving outcomes in human development. Celebrating the successful innovations--while taking a hard look at some of the failures--this Report offers guidance to policymakers, donors, and citizens on improving the delivery of basic services. It serves to deepen understanding and highlight the importance of empowering and investing in poor people. | ||
| 710 | _aWorld Bank | ||
| 856 | 4 | 0 |
_3Amazon.com _uhttp://www.amazon.com/exec/obidos/ASIN/082135468X/chopaconline-20 |
| 942 |
_aNBS _cBK _k332 DEV _2ddc |
||
| 999 |
_c346891 _d346891 |
||